[Event "III. Budapest Open"]
[Site "Budapest, Hungary"]
[Date "2013.08.20"]
[Round "4.24"]
[White "Gyimesi, Peter"]
[Black "Danffy, Abel"]
[Result "1-0"]
[WhiteElo "1646"]
[BlackElo "1380"]
[PlyCount "65"]
[EventDate "2013.??.??"]

1. e4 e5 2. Nf3 Nc6 3. Bc4 Nf6 4. Ng5 d5 5. exd5 Nxd5 6. Nxf7 Kxf7 7. Qf3+ Ke8
8. Qxd5 Qxd5 9. Bxd5 Nd4 10. Bb3 Bf5 11. d3 e4 12. dxe4 Bxe4 13. c3 Bxg2 14.
cxd4 Bxh1 15. Bf4 Bb4+ 16. Nc3 Kd7 17. Be5 Rhe8 18. O-O-O g6 19. Rxh1 Rad8 20.
Nd5 Kc8 21. Nxb4 Kb8 22. Kb1 Rf8 23. f4 a5 24. Nd5 Rde8 25. Rc1 Rc8 26. Nxc7 h5
27. Ne6+ Ka8 28. Nxf8 Rxf8 29. Bd5 Rd8 30. Bh1 Re8 31. Rc7 Rb8 32. Rc5 h4 33.
Rxa5# 1-0

[Event "III. Budapest Open"]
[Site "Budapest, Hungary"]
[Date "2013.08.20"]
[Round "4.25"]
[White "Breznyan, Annamaria"]
[Black "Karacsonyi, Kata"]
[Result "1-0"]
[WhiteElo "1302"]
[BlackElo "1288"]
[PlyCount "73"]
[EventDate "2013.??.??"]

1. e4 e5 2. Nf3 Nc6 3. Bc4 Nf6 4. d3 Bc5 5. O-O O-O 6. Bg5 h6 7. Bh4 d6 8. h3
Be6 9. Bb3 Na5 10. Bd5 c6 11. Bb3 Nxb3 12. axb3 Re8 13. Re1 Bd7 14. Nc3 Re6 15.
d4 exd4 16. Nxd4 Bxd4 17. Qxd4 Qc7 18. Rxa7 Rae8 19. Raa1 c5 20. Qd3 Bc6 21.
Bxf6 Rxf6 22. Nd5 Bxd5 23. exd5 Rd8 24. c4 Rg6 25. Re3 Rb8 26. Rae1 Qd7 27. Qc3
Ra8 28. Re7 Qf5 29. Rxb7 Qg5 30. g3 Qh5 31. Kg2 Rf8 32. Rbe7 f5 33. Qf3 Qg5 34.
Re8 f4 35. Rxf8+ Kxf8 36. Re4 Kg8 37. Qxf4 1-0

[Event "III. Budapest Open"]
[Site "Budapest, Hungary"]
[Date "2013.08.21"]
[Round "5.1"]
[White "Erdos, Boglarka"]
[Black "Juhasz, Bela"]
[Result "*"]
[WhiteElo "2189"]
[BlackElo "2194"]
[PlyCount "107"]
[EventDate "2013.??.??"]

1. e4 c5 2. Nf3 e6 3. g3 Nc6 4. Bg2 Nf6 5. Qe2 d5 6. exd5 Nxd5 7. O-O Be7 8.
Rd1 Bf6 9. Nc3 O-O 10. Ne4 Nd4 11. Nxd4 cxd4 12. c4 Nb4 13. Nxf6+ Qxf6 14. d3
Nc6 15. a3 a5 16. b3 e5 17. Bd2 Bf5 18. b4 Qg6 19. b5 Bxd3 20. Qe1 Nd8 21. Qxe5
Bxc4 22. a4 Bb3 23. Rdc1 Bc2 24. Qxd4 Ne6 25. Qh4 Rad8 26. Be3 Rd7 27. Rxc2
Qxc2 28. Be4 Rd1+ 29. Kg2 Qxe4+ 30. Qxe4 Rxa1 31. Qxb7 Rxa4 32. Qa7 Ra3 33. b6
a4 34. Qd7 Rd8 35. Qb5 h6 36. Qb4 Rad3 37. Qxa4 R3d7 38. Qc6 Rd6 39. Qb7 R6d7
40. Qe4 Rb8 41. f4 Rdb7 42. h4 Nf8 43. f5 Nd7 44. g4 Rxb6 45. Bxb6 Rxb6 46. Qd4
Rb7 47. g5 hxg5 48. hxg5 Nf8 49. Kg3 Rd7 50. Qc4 g6 51. fxg6 Nxg6 52. Qc8+ Nf8
53. Kg4 Rd6 54. Qb8 *

[Event "III. Budapest Open"]
[Site "Budapest, Hungary"]
[Date "2013.08.21"]
[Round "5.2"]
[White "Szepes, Tamas"]
[Black "Zoldy, Robert"]
[Result "1/2-1/2"]
[WhiteElo "2248"]
[BlackElo "1962"]
[PlyCount "71"]
[EventDate "2013.??.??"]

1. d4 d5 2. c4 e6 3. Nc3 c5 4. Nf3 Nc6 5. Be3 Nf6 6. cxd5 exd5 7. g3 c4 8. Bg2
Be7 9. O-O O-O 10. Ne5 Re8 11. Bg5 h6 12. Bxf6 Bxf6 13. Bxd5 Bxe5 14. Bxc6 bxc6
15. dxe5 Qb6 16. Qa4 Rxe5 17. Qxc4 Ba6 18. Qb3 Rae8 19. Qxb6 axb6 20. f4 Re3
21. Rac1 Bxe2 22. Nxe2 Rxe2 23. Rf2 Re1+ 24. Rxe1 Rxe1+ 25. Kg2 Kf8 26. Rc2 Ke7
27. Kf2 Rb1 28. Ke3 Kd6 29. Ke4 g6 30. Re2 Rd1 31. f5 Rd5 32. fxg6 Re5+ 33. Kf3
Rf5+ 34. Ke4 Re5+ 35. Kf3 Rf5+ 36. Ke4 1/2-1/2

[Event "III. Budapest Open"]
[Site "Budapest, Hungary"]
[Date "2013.08.21"]
[Round "5.3"]
[White "Ritter, Gabor Dr"]
[Black "Farago, Sandor"]
[Result "0-1"]
[WhiteElo "2108"]
[BlackElo "2270"]
[PlyCount "82"]
[EventDate "2013.??.??"]

1. Nf3 Nf6 2. g3 d6 3. d4 c5 4. Bg2 cxd4 5. Nxd4 g6 6. O-O Bg7 7. c4 a6 8. Nc3
Qb6 9. Nc2 O-O 10. Rb1 Nc6 11. b3 Bf5 12. Bb2 Rac8 13. e4 Bg4 14. Qd2 Qa5 15.
h3 Be6 16. Rfd1 b5 17. cxb5 axb5 18. b4 Qb6 19. Nd5 Qb7 20. Nce3 Qa7 21. a3
Rfe8 22. Rdc1 Ne5 23. Qe2 Nxd5 24. exd5 Bd7 25. Kh2 Bf6 26. f4 Nc4 27. Nxc4
bxc4 28. Bxf6 exf6 29. Qb2 Re3 30. Rc3 Qd4 31. Rbc1 Rd3 32. Qa1 Rd2 33. a4 Qf2
34. Rg1 Re8 35. Qf1 Qxf1 36. Rxf1 Bxa4 37. Ra1 Bc2 38. Kg1 Bd3 39. b5 Re3 40.
b6 Rxg3 41. b7 Rgxg2+ 0-1

[Event "III. Budapest Open"]
[Site "Budapest, Hungary"]
[Date "2013.08.21"]
[Round "5.4"]
[White "Mester, Attila"]
[Black "Zentai, Peter"]
[Result "0-1"]
[WhiteElo "2073"]
[BlackElo "2234"]
[PlyCount "82"]
[EventDate "2013.??.??"]

1. e4 e5 2. Nf3 Nc6 3. d4 exd4 4. Nxd4 g6 5. Nc3 Bg7 6. Be3 d6 7. Qd2 Nf6 8. f3
O-O 9. O-O-O a6 10. g4 Nxd4 11. Bxd4 Be6 12. h4 c5 13. Be3 h5 14. g5 Nd7 15.
Nd5 Ne5 16. Be2 b5 17. Kb1 Rb8 18. Nf6+ Bxf6 19. gxf6 Qxf6 20. Bg5 Qh8 21. Rhg1
Bc4 22. f4 Bxe2 23. fxe5 Bxd1 24. Bf6 Qh7 25. Rxd1 dxe5 26. Qg5 Rb6 27. Qxe5
Qh6 28. Bg5 Qg7 29. Qf4 Re8 30. Rd7 Rbe6 31. a3 Rxe4 32. Qf3 R4e6 33. Ka2 c4
34. Qf4 Re5 35. Bf6 Rf5 36. Bxg7 Rxf4 37. Bc3 Rxh4 38. Ra7 Rf4 39. Rxa6 h4 40.
Rd6 h3 41. Rd2 Rh4 0-1

[Event "III. Budapest Open"]
[Site "Budapest, Hungary"]
[Date "2013.08.21"]
[Round "5.5"]
[White "Szalanczy, Emil"]
[Black "Koncz, Imre"]
[Result "1-0"]
[WhiteElo "2285"]
[BlackElo "2181"]
[PlyCount "91"]
[EventDate "2013.??.??"]

1. e4 c5 2. Nf3 Nc6 3. d4 cxd4 4. Nxd4 Nf6 5. Nc3 e5 6. Ndb5 d6 7. Bg5 a6 8.
Na3 b5 9. Nd5 Be7 10. Bxf6 Bxf6 11. c4 b4 12. Nc2 O-O 13. Qf3 Bg5 14. h4 Bh6
15. g4 f6 16. Be2 a5 17. Kf1 Ra7 18. Rd1 Rd7 19. Kg2 Ne7 20. Nxe7+ Qxe7 21. Rd5
Ra7 22. Rhd1 f5 23. g5 Bb7 24. exf5 Bxg5 25. hxg5 Qxg5+ 26. Qg4 Qxf5 27. Qxf5
Rxf5 28. Ne3 Bxd5+ 29. Rxd5 Rf6 30. f3 e4 31. fxe4 g6 32. c5 dxc5 33. e5 Rc6
34. Bc4 Kg7 35. Rd8 Re7 36. Ng4 h5 37. Rg8+ Kh7 38. Nf6+ Kh6 39. Bd3 Rg7 40.
Re8 Kg5 41. b3 a4 42. Kf3 axb3 43. axb3 Ra7 44. Rg8 Re6 45. Rxg6+ Kh4 46. Kf4
1-0

[Event "III. Budapest Open"]
[Site "Budapest, Hungary"]
[Date "2013.08.21"]
[Round "5.6"]
[White "Meszaros, Andras"]
[Black "Alvin, Leo"]
[Result "1-0"]
[WhiteElo "2261"]
[BlackElo "2005"]
[PlyCount "53"]
[EventDate "2013.??.??"]

1. Nf3 c5 2. e4 g6 3. c3 Bg7 4. d4 cxd4 5. cxd4 d5 6. exd5 Nf6 7. Bb5+ Bd7 8.
Bc4 b5 9. Bb3 Bc8 10. O-O Nxd5 11. Re1 O-O 12. Nc3 Nxc3 13. bxc3 e6 14. Ne5 Bb7
15. Qe2 a6 16. Ba3 Nd7 17. Nxf7 Rxf7 18. Qxe6 Qf8 19. Qxf7+ Qxf7 20. Bxf7+ Kxf7
21. Re7+ Kf6 22. Rxd7 Bc8 23. Rd6+ Kf7 24. Rd8 Bf6 25. Rf8+ Kg7 26. Re1 a5 27.
Ree8 1-0

[Event "III. Budapest Open"]
[Site "Budapest, Hungary"]
[Date "2013.08.21"]
[Round "5.7"]
[White "Papagorasz, Takisz"]
[Black "Gubics, Peter"]
[Result "1-0"]
[WhiteElo "2163"]
[BlackElo "2113"]
[PlyCount "105"]
[EventDate "2013.??.??"]

1. d4 Nf6 2. c4 g6 3. Nf3 Bg7 4. Nc3 d5 5. cxd5 Nxd5 6. e4 Nxc3 7. bxc3 c5 8.
Rb1 O-O 9. Be2 cxd4 10. cxd4 Qa5+ 11. Bd2 Qxa2 12. O-O a5 13. Bg5 a4 14. Ra1
Qe6 15. e5 Rd8 16. Rxa4 Rxa4 17. Qxa4 Bd7 18. Qb4 Nc6 19. Qc5 b6 20. Qxb6 h6
21. Be3 Rc8 22. h3 Qd5 23. Rc1 Rb8 24. Qa6 Nb4 25. Qa3 Bf5 26. Qa7 Qb7 27. Rc7
Qxa7 28. Rxa7 e6 29. g4 Be4 30. Nd2 Bd5 31. Nc4 Nc2 32. Nd6 Rb1+ 33. Bf1 Ne1
34. f4 Ng2 35. Bd2 Nh4 36. Kf2 Rb2 37. Ke3 Rb3+ 38. Bd3 Bf8 39. Rc7 f5 40. Ne8
Ng2+ 41. Ke2 Be7 42. Rxe7 Kf8 43. Rh7 Kxe8 44. Rxh6 g5 45. Bc2 Ra3 46. fxg5 f4
47. g6 f3+ 48. Kf2 Ra2 49. Rh8+ Kd7 50. g7 Rxc2 51. g8=Q Rxd2+ 52. Kg3 f2 53.
Qc8+ 1-0

[Event "III. Budapest Open"]
[Site "Budapest, Hungary"]
[Date "2013.08.21"]
[Round "5.9"]
[White "Kormos, Adam"]
[Black "Bakk, Zoltan"]
[Result "1-0"]
[WhiteElo "2198"]
[BlackElo "2070"]
[PlyCount "51"]
[EventDate "2013.??.??"]

1. e4 e6 2. d4 d5 3. Nc3 Nc6 4. Nf3 Nf6 5. Bg5 Be7 6. Bxf6 Bxf6 7. e5 Be7 8. a3
f6 9. Bb5 Bd7 10. O-O Na5 11. exf6 gxf6 12. Bd3 O-O 13. Ne2 Nc4 14. Qc1 Qe8 15.
b3 Nd6 16. c4 dxc4 17. bxc4 Qf7 18. c5 Ne8 19. Be4 c6 20. Rb1 Rb8 21. Qf4 Ng7
22. Qc7 Rfd8 23. Rxb7 Ne8 24. Qxb8 Rxb8 25. Rxb8 e5 26. Rb7 1-0

[Event "III. Budapest Open"]
[Site "Budapest, Hungary"]
[Date "2013.08.21"]
[Round "5.11"]
[White "Foldi, Martin"]
[Black "Csabai, Viktor"]
[Result "0-1"]
[WhiteElo "1783"]
[BlackElo "2034"]
[PlyCount "118"]
[EventDate "2013.??.??"]

1. d4 d5 2. Nf3 Nf6 3. c4 c6 4. e3 Bf5 5. Nc3 e6 6. Bd3 Bg6 7. O-O Bd6 8. a3
Nbd7 9. b4 a6 10. Bb2 O-O 11. cxd5 cxd5 12. Na4 a5 13. b5 Nb6 14. Nxb6 Qxb6 15.
Ne5 Bxd3 16. Qxd3 a4 17. Bc3 Rfc8 18. Rfc1 Ne4 19. Bb4 Bxb4 20. axb4 Nd6 21.
Rc5 Qd8 22. Qc2 a3 23. Qd3 f6 24. Nf3 Ne4 25. Rc2 Rxc2 26. Qxc2 Qb6 27. Qb3
Qxb5 28. Rxa3 Rxa3 29. Qxa3 Qe2 30. Qc1 Qxf2+ 31. Kh1 h6 32. Qc8+ Kh7 33. Qc1
b5 34. h3 Ng3+ 35. Kh2 Nf1+ 36. Kh1 Nxe3 37. Ne1 Qf1+ 38. Kh2 Qf4+ 39. Kh1 Qf1+
40. Kh2 Qf4+ 41. Kh1 Qxd4 42. Nc2 Qd1+ 43. Qxd1 Nxd1 44. Nd4 e5 45. Nxb5 Nf2+
46. Kg1 Nd3 47. Kf1 Nxb4 48. Ke2 g6 49. Kd2 d4 50. Nd6 Kg7 51. Ne4 Kf7 52. Nf2
f5 53. g4 Ke6 54. h4 e4 55. Ke2 Ke5 56. gxf5 gxf5 57. Nh3 Nd5 58. h5 Nf4+ 59.
Nxf4 Kxf4 0-1

[Event "III. Budapest Open"]
[Site "Budapest, Hungary"]
[Date "2013.08.21"]
[Round "5.12"]
[White "Yip, Michael"]
[Black "Schatzer, Andras"]
[Result "1/2-1/2"]
[WhiteElo "2020"]
[BlackElo "1827"]
[PlyCount "90"]
[EventDate "2013.??.??"]

1. d4 Nf6 2. c4 c5 3. d5 b5 4. cxb5 a6 5. bxa6 Bxa6 6. Nc3 d6 7. Nf3 g6 8. e4
Bxf1 9. Kxf1 Nbd7 10. g3 Bg7 11. Kg2 O-O 12. a4 Qb6 13. h3 Rfb8 14. Re1 Ne8 15.
Re2 Qb3 16. Qe1 Nc7 17. Ra3 Qb4 18. Qd1 Na6 19. Nb5 Qa5 20. Bd2 Nb4 21. Bc3
Bxc3 22. Nxc3 c4 23. Qd4 Nd3 24. Qxc4 Nxb2 25. Qa2 Nd3 26. Nd4 Nc1 27. Qa1 Nxe2
28. Ncxe2 Qb4 29. f3 Qb2 30. Kf2 Nc5 31. Qxb2 Rxb2 32. a5 Ra6 33. Ke3 Kf8 34.
h4 Nb7 35. Nb3 Rc2 36. Ned4 Rg2 37. Ne2 h6 38. Ra1 Rh2 39. Kd2 g5 40. hxg5 hxg5
41. g4 Kg7 42. Ke3 Kf6 43. Ned4 e6 44. Nc6 Rb2 45. Ra3 exd5 1/2-1/2

[Event "III. Budapest Open"]
[Site "Budapest, Hungary"]
[Date "2013.08.21"]
[Round "5.13"]
[White "Bodrogi, Laszlo"]
[Black "Balla, Attila"]
[Result "1-0"]
[WhiteElo "2015"]
[BlackElo "1813"]
[PlyCount "67"]
[EventDate "2013.??.??"]

1. d4 d5 2. c4 e6 3. Nc3 Nf6 4. Bg5 c6 5. e3 Be7 6. Nf3 Nbd7 7. Rc1 O-O 8. Bd3
Re8 9. O-O Nf8 10. c5 N6d7 11. Bxe7 Qxe7 12. e4 dxe4 13. Nxe4 Nf6 14. Nd6 Rd8
15. Ne5 Rxd6 16. cxd6 Qxd6 17. Re1 Nd5 18. Qh5 Ng6 19. Qf3 Qe7 20. Bc4 Nh4 21.
Qg4 Qf6 22. g3 Nf5 23. a3 Qh6 24. Qd1 Qg5 25. Bxd5 exd5 26. f4 Qh6 27. Nxc6 Bd7
28. Ne5 Be6 29. Rc7 g5 30. Ng4 Qg6 31. fxg5 Qxg5 32. Re5 Rc8 33. h4 Qg7 34.
Rxe6 1-0

[Event "III. Budapest Open"]
[Site "Budapest, Hungary"]
[Date "2013.08.21"]
[Round "5.15"]
[White "Adrien, Vincent"]
[Black "Breznyan, Dorina"]
[Result "1-0"]
[WhiteElo "1994"]
[BlackElo "1261"]
[PlyCount "89"]
[EventDate "2013.??.??"]

1. e4 Nf6 2. Nc3 d5 3. exd5 Nxd5 4. d4 Bf5 5. Bd3 Be6 6. Nf3 g6 7. O-O Bg7 8.
Ne4 O-O 9. c4 Nf4 10. Bxf4 Nc6 11. d5 Bxd5 12. cxd5 Qxd5 13. Qe2 Rad8 14. Rfd1
Qa5 15. h4 Rd7 16. Bd2 Qd5 17. Bc4 Qf5 18. Bc3 Bxc3 19. bxc3 a6 20. Rxd7 Qxd7
21. Rd1 Qf5 22. Nfg5 Ne5 23. Ng3 Qf4 24. Bb3 b5 25. Nh3 Qf6 26. Re1 Nc6 27. c4
bxc4 28. Qxc4 a5 29. Ne4 Qe6 30. Qxe6 fxe6 31. Bxe6+ Kg7 32. Rc1 Nd4 33. Rxc7
Re8 34. Bd7 Rf8 35. Nhg5 Rf4 36. Rc4 Ne2+ 37. Kf1 Ng3+ 38. Ke1 Rxh4 39. fxg3
Rh1+ 40. Ke2 Rb1 41. Rc8 Rb6 42. Be6 a4 43. Rg8+ Kh6 44. g4 Rb2+ 45. Kf3 1-0

[Event "III. Budapest Open"]
[Site "Budapest, Hungary"]
[Date "2013.08.21"]
[Round "5.16"]
[White "Bartuszek, Andras"]
[Black "Rajcsanyi, Peter"]
[Result "1-0"]
[WhiteElo "1844"]
[BlackElo "1850"]
[PlyCount "181"]
[EventDate "2013.??.??"]

1. e4 c5 2. Nf3 d6 3. d4 cxd4 4. Nxd4 Nf6 5. Nc3 a6 6. Bg5 e6 7. f4 Be7 8. Qf3
Qc7 9. O-O-O Nbd7 10. g4 b5 11. Bxf6 Nxf6 12. g5 Nd7 13. f5 Bxg5+ 14. Kb1 O-O
15. fxe6 Nb6 16. Qg3 Bf6 17. Nd5 Nxd5 18. exd5 Qc5 19. Nb3 Qc7 20. Bg2 Be5 21.
Qh4 Ra7 22. Nd4 Bxd4 23. Qxd4 fxe6 24. dxe6 Bxe6 25. Qxd6 Qxd6 26. Rxd6 Bf5 27.
Bd5+ Kh8 28. Kc1 g6 29. h4 Rd7 30. Rxd7 Bxd7 31. Bb7 Rf6 32. h5 g5 33. h6 Bc6
34. Re1 Rxh6 35. Bxa6 Rd6 36. c4 bxc4 37. Bxc4 Kg7 38. Rd1 Rxd1+ 39. Kxd1 h5
40. Ke1 Kf6 41. Bf1 Ke5 42. b4 g4 43. Kf2 h4 44. b5 Ba8 45. Kg1 Kf4 46. Kh2 Ke3
47. Bg2 Bxg2 48. Kxg2 h3+ 49. Kg3 h2 50. Kxh2 Kf2 51. b6 g3+ 52. Kh3 g2 53. b7
g1=Q 54. b8=Q Qg2+ 55. Kh4 Qe4+ 56. Kg5 Qd5+ 57. Kf6 Qf3+ 58. Ke6 Qh3+ 59. Ke7
Qh7+ 60. Ke6 Qg6+ 61. Kd7 Qf5+ 62. Kc6 Qe4+ 63. Kc7 Qc4+ 64. Kb7 Qd5+ 65. Kb6
Qe6+ 66. Kc5 Qf5+ 67. Kd4 Qg4+ 68. Kc3 Qg7+ 69. Kc2 Qg6+ 70. Kb2 Qa6 71. Qf4+
Ke2 72. a4 Qb7+ 73. Kc3 Qg7+ 74. Qd4 Qg3+ 75. Kb4 Qb8+ 76. Kc4 Qg8+ 77. Kb5
Qe8+ 78. Ka5 Qa8+ 79. Kb4 Qb8+ 80. Kc3 Qg3+ 81. Kc2 Qg6+ 82. Kb3 Qg3+ 83. Qc3
Qb8+ 84. Kc2 Qa7 85. a5 Qh7+ 86. Kb2 Qb7+ 87. Qb3 Qg7+ 88. Ka2 Qa7 89. Qe6+ Kd3
90. Qb3+ Kd4 91. Qb6+ 1-0

[Event "III. Budapest Open"]
[Site "Budapest, Hungary"]
[Date "2013.08.21"]
[Round "5.19"]
[White "Peczeli, Zoltan"]
[Black "Heyl, Thomas"]
[Result "1/2-1/2"]
[WhiteElo "2036"]
[BlackElo "1997"]
[PlyCount "46"]
[EventDate "2013.??.??"]

1. d4 d5 2. c4 e6 3. Nc3 Nf6 4. cxd5 exd5 5. Bg5 Nbd7 6. e3 c6 7. Qc2 Be7 8.
Bd3 O-O 9. Nge2 Re8 10. O-O Nf8 11. Rab1 g6 12. b4 a6 13. Na4 Ne6 14. Bh4 Ng7
15. Nc5 Ne4 16. Bxe7 Qxe7 17. a4 Bf5 18. Ng3 Nxg3 19. hxg3 Bxd3 20. Nxd3 Nf5
21. Ne5 f6 22. Nf3 Nd6 23. Nd2 Rac8 1/2-1/2

[Event "III. Budapest Open"]
[Site "Budapest, Hungary"]
[Date "2013.08.21"]
[Round "5.20"]
[White "Szurkos, Andras"]
[Black "Lakat, Gyula"]
[Result "0-1"]
[WhiteElo "1786"]
[BlackElo "1863"]
[PlyCount "164"]
[EventDate "2013.??.??"]

1. e4 d5 2. exd5 Nf6 3. Nf3 Nxd5 4. Bc4 Bg4 5. d4 e6 6. h3 Bh5 7. Be3 Nxe3 8.
fxe3 Qd6 9. Qe2 Bxf3 10. Qxf3 Qb4+ 11. Nd2 c6 12. O-O-O Nd7 13. c3 Qe7 14. Rhf1
Nb6 15. e4 g6 16. Bb3 Bh6 17. Kb1 Bxd2 18. Rxd2 Rf8 19. Rfd1 O-O-O 20. c4 Kb8
21. d5 cxd5 22. exd5 exd5 23. cxd5 Qd6 24. Rf2 Rd7 25. Qc3 f5 26. Re2 Rfd8 27.
Qd4 Qf8 28. Qe5+ Rd6 29. a4 Nd7 30. Qf4 Nc5 31. Bc2 Ka8 32. b4 Nd7 33. Re6 Nf6
34. Rxd6 Rxd6 35. Bb3 Ne4 36. Qe5 Rd8 37. Qd4 Qd6 38. Bc2 Nf6 39. Bb3 Ne8 40.
Qc5 Qg3 41. Qc2 Kb8 42. Kb2 Qe5+ 43. Qc3 Qxc3+ 44. Kxc3 Nd6 45. Kd4 b6 46. Ke5
Kc7 47. Rc1+ Kd7 48. Bc4 Re8+ 49. Kd4 Re4+ 50. Kd3 Ke7 51. Ba6 Rxb4 52. Rc7+
Kf6 53. Rxa7 Rxa4 54. Rd7 Ke5 55. Bb7 Ra3+ 56. Ke2 Nxb7 57. Rxb7 Rb3 58. Rxh7
Kxd5 59. Rg7 Rg3 60. Kf2 f4 61. h4 b5 62. Rf7 Rg4 63. Rg7 Rxh4 64. Rxg6 b4 65.
Rb6 Kc4 66. Rc6+ Kb3 67. Ke2 Kb2 68. Kf3 b3 69. Rc7 Kb1 70. Rb7 b2 71. Rc7 Rh5
72. Kxf4 Ka2 73. Ra7+ Kb3 74. Rb7+ Kc3 75. g4 Ra5 76. g5 Ra4+ 77. Ke3 Rb4 78.
Rc7+ Kb3 79. g6 b1=Q 80. g7 Qe4+ 81. Kd2 Rd4+ 82. Kc1 Qe1# 0-1

[Event "III. Budapest Open"]
[Site "Budapest, Hungary"]
[Date "2013.08.21"]
[Round "5.22"]
[White "Kancz, Csaba"]
[Black "Breznyan, Annamaria"]
[Result "1-0"]
[WhiteElo "1648"]
[BlackElo "1302"]
[PlyCount "79"]
[EventDate "2013.??.??"]

1. d4 d5 2. Nf3 Bf5 3. a3 e6 4. g3 c5 5. Bg2 Nf6 6. O-O Nc6 7. h3 h6 8. e3 b6
9. Nbd2 Bd6 10. c4 O-O 11. Qe2 Qd7 12. Kh2 Rac8 13. b3 Rfe8 14. Bb2 Qe7 15. Ne5
a5 16. cxd5 exd5 17. Nxc6 Rxc6 18. dxc5 Rxc5 19. Qa6 Rb8 20. Nf3 Ne4 21. Nd4
Bc8 22. Qe2 Bd7 23. a4 Rbc8 24. Rac1 Rxc1 25. Rxc1 Rxc1 26. Bxc1 Bb4 27. Qc2
Nf6 28. Qc7 Qc5 29. Qxc5 bxc5 30. Nb5 c4 31. bxc4 dxc4 32. Bb2 Kf8 33. Nc3 Be6
34. e4 g6 35. f4 Ke7 36. g4 Ne8 37. Kg3 Kd6 38. Nb5+ Kc5 39. e5 Bd7 40. Bd4#
1-0

[Event "III. Budapest Open"]
[Site "Budapest, Hungary"]
[Date "2013.08.21"]
[Round "5.23"]
[White "Czipp, Janos"]
[Black "Czimer, Jozsef"]
[Result "0-1"]
[WhiteElo "1417"]
[BlackElo "1704"]
[PlyCount "82"]
[EventDate "2013.??.??"]

1. d4 Nf6 2. Nf3 d6 3. Nbd2 Bf5 4. e3 Nbd7 5. Bd3 Bxd3 6. cxd3 c6 7. O-O g6 8.
b3 Bg7 9. Bb2 O-O 10. Rc1 Qa5 11. Qc2 Qh5 12. Rfe1 Rfe8 13. Nf1 g5 14. Ng3 Qg6
15. Qd2 Nd5 16. Ne2 a5 17. e4 Nf4 18. Nxf4 gxf4 19. e5 d5 20. e6 fxe6 21. Qe2
e5 22. dxe5 e6 23. d4 Rf8 24. a4 Rf7 25. Rc3 Bf8 26. Rd1 Be7 27. Rcd3 Rg7 28.
Ne1 Kh8 29. Rh3 Bb4 30. Bc3 c5 31. Qf3 cxd4 32. Bxd4 Qe4 33. Qxe4 dxe4 34. f3
Nc5 35. fxe4 Nxe4 36. Nd3 Ng5 37. Nxf4 Nxh3+ 38. Nxh3 Rd8 39. Nf4 Re7 40. Rd3
Rxd4 41. Rxd4 Bc5 0-1

[Event "III. Budapest Open"]
[Site "Budapest, Hungary"]
[Date "2013.08.21"]
[Round "5.25"]
[White "Ronyai, Imre"]
[Black "Karacsonyi, Kata"]
[Result "0-1"]
[WhiteElo "1591"]
[BlackElo "1288"]
[PlyCount "46"]
[EventDate "2013.??.??"]

1. e4 e5 2. Nf3 Nc6 3. Bb5 Nf6 4. O-O Nxe4 5. Re1 Nd6 6. Ba4 Nf5 7. c3 Be7 8.
Bc2 d6 9. d4 exd4 10. Bxf5 Bxf5 11. cxd4 d5 12. a3 O-O 13. Nc3 Re8 14. Qb3 Bf6
15. Be3 Be4 16. Qxb7 Na5 17. Qa6 Nb3 18. Ra2 Bxf3 19. gxf3 Nxd4 20. Rd1 Nxf3+
21. Kg2 Nh4+ 22. Kh1 Qe7 23. Rxd5 Bxc3 0-1

[Event "III. Budapest Open"]
[Site "Budapest, Hungary"]
[Date "2013.08.22"]
[Round "6.1"]
[White "Farago, Sandor"]
[Black "Erdos, Boglarka"]
[Result "1-0"]
[WhiteElo "2270"]
[BlackElo "2189"]
[PlyCount "143"]
[EventDate "2013.??.??"]

1. e4 e5 2. Nf3 Nc6 3. Bb5 a6 4. Ba4 Nge7 5. c3 g6 6. O-O Bg7 7. d4 exd4 8.
cxd4 b5 9. Bb3 O-O 10. d5 Na5 11. Bc2 d6 12. Nc3 Bg4 13. h3 Bxf3 14. Qxf3 c5
15. dxc6 Nexc6 16. Qd1 Nc4 17. Bd3 N6e5 18. Be2 Rc8 19. Nd5 Nd7 20. Rb1 Re8 21.
b3 Ncb6 22. Nxb6 Qxb6 23. Bg4 Rcd8 24. Be3 Qb7 25. Qd5 Qxd5 26. exd5 f5 27. Bf3
Rc8 28. Rbc1 Ne5 29. Be2 Kf8 30. a4 bxa4 31. bxa4 a5 32. Bb5 Rxc1 33. Rxc1 Rb8
34. Rc7 h5 35. Ba7 Ra8 36. Kf1 Bf6 37. f4 Nf7 38. Bc6 Rd8 39. Bd7 Nh6 40. Be6
Be7 41. Bb6 Ra8 42. Rc8+ Rxc8 43. Bxc8 Ng8 44. Bxa5 Ke8 45. Bc7 Nf6 46. Be6 Bd8
47. Bxd6 Ba5 48. Be5 Ne4 49. d6 Nc5 50. Bc4 Nb7 51. Bb5+ Kf7 52. Ke2 Ke6 53.
Bc4+ Kd7 54. Bf7 h4 55. Bxg6 Ke6 56. Kd3 Be1 57. d7 Nc5+ 58. Ke2 Ba5 59. Be8
Bd8 60. Bg7 Nxa4 61. Bh6 Nc3+ 62. Kf3 Ne4 63. Ke3 Kd6 64. Kd4 Bf6+ 65. Kc4 Be7
66. Bf8 Ke6 67. Bxe7 Kxe7 68. Kd5 Nc3+ 69. Ke5 Nd1 70. Kxf5 Ne3+ 71. Kg5 Nxg2
72. f5 1-0

[Event "III. Budapest Open"]
[Site "Budapest, Hungary"]
[Date "2013.08.22"]
[Round "6.2"]
[White "Zentai, Peter"]
[Black "Szalanczy, Emil"]
[Result "1-0"]
[WhiteElo "2234"]
[BlackElo "2285"]
[PlyCount "97"]
[EventDate "2013.??.??"]

1. d4 c5 2. d5 e6 3. c4 exd5 4. cxd5 g6 5. Nc3 Bg7 6. Nf3 d6 7. g3 Nf6 8. Bg2
O-O 9. O-O Re8 10. Nd2 Nbd7 11. a4 Nh5 12. Nc4 Ne5 13. Na3 f5 14. h3 Bd7 15.
Kh2 a6 16. f4 b5 17. fxe5 Bxe5 18. Bf4 Bxf4 19. gxf4 b4 20. Nc4 bxc3 21. bxc3
Qf6 22. Qd2 Rab8 23. Bf3 Re4 24. Bxe4 fxe4 25. Rab1 Rf8 26. Qe3 Bxa4 27. Rb6
Nxf4 28. Rxd6 Qg5 29. Rg1 Qh5 30. Rf1 Qg5 31. Rg1 Qh5 32. Rf1 g5 33. Ne5 Qe8
34. Qxe4 Bc2 35. Qe3 Qe7 36. Rd7 Qe8 37. Rd6 Qe7 38. Nc4 Be4 39. Rxa6 Nxd5 40.
Rxf8+ Kxf8 41. Qg3 Nf4 42. e3 Bd5 43. Nd6 Nh5 44. Qf2+ Kg8 45. Qf5 Be6 46. Ra8+
Kg7 47. Qe5+ Kg6 48. Rg8+ Ng7 49. Nf5 1-0

[Event "III. Budapest Open"]
[Site "Budapest, Hungary"]
[Date "2013.08.22"]
[Round "6.3"]
[White "Juhasz, Bela"]
[Black "Meszaros, Andras"]
[Result "1-0"]
[WhiteElo "2194"]
[BlackElo "2261"]
[PlyCount "151"]
[EventDate "2013.??.??"]

1. d4 e6 2. c4 c5 3. Nf3 cxd4 4. Nxd4 Nf6 5. g3 Nc6 6. Bg2 Bc5 7. Nb3 Be7 8.
Nc3 d6 9. O-O O-O 10. Nd4 Bd7 11. b3 a6 12. Bb2 Rc8 13. Rc1 Nxd4 14. Qxd4 Bc6
15. Rfd1 Bxg2 16. Kxg2 Qa5 17. Rc2 Rfd8 18. Rdc1 Rc6 19. Qd3 Ne8 20. e4 Bf6 21.
Ne2 Bxb2 22. Rxb2 Qe5 23. Rd2 Nf6 24. f3 Rcc8 25. Rdc2 h6 26. Qd4 Qa5 27. Qc3
Qc5 28. Qd4 Rd7 29. Qxc5 dxc5 30. e5 Ne8 31. Nc3 Rcd8 32. Ne4 b6 33. Re1 f5 34.
exf6 gxf6 35. Rce2 Kf7 36. Nc3 Ng7 37. Kf2 Rd6 38. Ne4 Rd3 39. Re3 Rxe3 40.
Rxe3 Nf5 41. Re2 Nd4 42. Rd2 h5 43. Ke3 Ke7 44. Nc3 Rc8 45. Ne2 Nf5+ 46. Kf4
Nd6 47. g4 b5 48. cxb5 axb5 49. Rc2 e5+ 50. Ke3 Ke6 51. Ng3 hxg4 52. fxg4 c4
53. bxc4 Nxc4+ 54. Kf3 Ra8 55. Nf5 Ra3+ 56. Kf2 Kd5 57. Re2 e4 58. h4 Ke5 59.
h5 Kf4 60. Nd4 b4 61. Ne6+ Ke5 62. Nc5 Rf3+ 63. Kg1 Ne3 64. h6 Rf1+ 65. Kh2
Nxg4+ 66. Kg2 Rf5 67. Rxe4+ Kd5 68. Rxg4 Kxc5 69. Rh4 Rg5+ 70. Kf3 Rg8 71. h7
Rh8 72. Kf4 Kb5 73. Kf5 Ka4 74. Kxf6 Ka3 75. Kg7 Rxh7+ 76. Kxh7 1-0

[Event "III. Budapest Open"]
[Site "Budapest, Hungary"]
[Date "2013.08.22"]
[Round "6.4"]
[White "Zoldy, Robert"]
[Black "Papagorasz, Takisz"]
[Result "1/2-1/2"]
[WhiteElo "1962"]
[BlackElo "2163"]
[PlyCount "38"]
[EventDate "2013.??.??"]

1. e4 e5 2. Nf3 Nc6 3. Bc4 Nf6 4. d3 Be7 5. c3 d6 6. Bb3 Na5 7. Bc2 c5 8. Nbd2
Nc6 9. Nf1 O-O 10. Ne3 Re8 11. h4 d5 12. exd5 Nxd5 13. Nxd5 Qxd5 14. Bb3 Qd6
15. Bg5 Be6 16. Bxe6 Qxe6 17. Qb3 Qxb3 18. axb3 Rad8 19. O-O-O f6 1/2-1/2